Normale Ansicht MARC-Ansicht ISBD

Das erste frohe Zusammensein wieder in großer Runde. (Titelsatznr. 370075)

[ MARC ]
MARC-Details
000 -Satzkennung
Kontrollfeld mit fester Länge 00824nam a22002177a 4500
008 - Feld mit fester Länge zur physischen Beschreibung - Allgemeine Angaben
Kontrollfeld mit fester Länge 201130b ||||| |||| 00| 0 eng d
040 ## - Katalogisierungsquelle
Katalogisierungssprache ger
Übertragungsstelle DE-2950
Beschreibungsfestlegungen rda
Original-Katalogisierungsstelle DE-2950
041 ## - Sprachcode
Sprachcode des Textes/der Tonspur oder des separaten Titels ger
100 ## - Person oder Familie als 1. geistiger Schöpfer
Personenname Mahlke, Lisa:
245 ## - Titel
Haupttitel Das erste frohe Zusammensein wieder in großer Runde.
Titelzusatz Jubiläum: Das Albert-Hirsch-Heim in Frankfurt feiert sein 25-jähriges bestehen. Beim Corona-Ausbruch vor gut sechs Monaten war daran nicht zu denken./
264 ## - Veröffentlichungsangabe, Vertriebsangabe, Herstellungsangabe
Erscheinungs-, Vertriebs-, Herstellungsdatum 2021
653 ## - Lokales Schlagwort
Nicht-normierter Term Frankfurt (Oder)
653 ## - Lokales Schlagwort
Nicht-normierter Term Corona
653 ## - Lokales Schlagwort
Nicht-normierter Term Seniorenheim
653 ## - Lokales Schlagwort
Nicht-normierter Term Albert Hirsch
773 ## - Übergeordnete Einheit
Ort, Verlag und Erscheinungsjahr Frankfurt (Oder): Märkisches Verlags- und Druckhaus GmbH & Co KG
Verknüpfungsangaben 32. Jahrgang (2021) Nr. 176 vom 31.07.2021, S. 19: Foto
Titel Märkische Oderzeitung
942 ## - Zusätzliche Felder (Koha)
Koha-Medientyp Aufsätze
Exemplare
Ausgeschieden Verloren Beschädigt Nicht entleihbar Permanenter Standort Aktueller Standort Aufstellungsort Eingabedatum Anzahl Ausleihen Signatur Letzte Aktivität Preis gültig von Medientyp
        Stadtarchiv Frankfurt (Oder) | Archivbibliothek Stadtarchiv Frankfurt (Oder) | Archivbibliothek Magazin 25/08/2021   Z2 25/08/2021 25/08/2021 Aufsätze